| 000 | 00692nam a22002417a 4500 | ||
|---|---|---|---|
| 005 | 20250818125042.0 | ||
| 008 | 170320b2014 xxu||||| |||| 00| 0 spa d | ||
| 020 | _a9789930946343 | ||
| 041 | _aESP | ||
| 041 | _aING | ||
| 082 | _a333.783.097.286 R823c | ||
| 100 | _aRoss Lamus, Yazmín | ||
| 245 | _aCosta Rica Parques Nacionales y fronteras naturales = Costa Rica National, nature umboumd | ||
| 260 |
_aCosta Rica _bProducciones del Río Nevado _c2014 |
||
| 300 | _a276 páginas | ||
| 490 | _aTurismo | ||
| 650 | _aPARQUES NACIONALES | ||
| 650 | _aRESERVAS DE TIERRAS | ||
| 650 | _aREFUGIOS DE VIDA SILVESTRE | ||
| 650 | _aCOSTA RICA | ||
| 650 | _aECOLOGÍA | ||
| 942 |
_cBK _2ddc |
||
| 999 |
_c9088 _d9088 |
||